000 00354nam a2200133Ia 4500
005 20251222143313.0
008 251222s9999||||xx |||||||||||||| ||spa||
020 _a968-16-4513-8
082 _a370.78/L22
100 _aLandsheere, Gilbert De
245 0 _aLa Investigación Educativa en el Mundo
264 _bFondo de Cultura Económica
942 _cLIB
999 _c15791
_d15791